| 000 | 00558nam a22001937a 4500 | ||
|---|---|---|---|
| 003 | SISC | ||
| 005 | 20160302092354.0 | ||
| 008 | 130905t xxu||||| |||| 00| 0 eng d | ||
| 020 | _a0328100048 | ||
| 050 |
_aQ 161 _b.F716 2006 |
||
| 082 |
_aHS 500 _b F76 2006 |
||
| 100 |
_aForesman, Scott _92517 |
||
| 245 |
_aScience 4 : _bsee learning in a whole new light / _cScott Foresman |
||
| 260 |
_aNew York : _bPearson, _cc2006. |
||
| 300 |
_a576 p. : _bill. ; _c23 cm. |
||
| 650 |
_aScience _xstudy and teaching. _916653 |
||
| 942 |
_2lcc _cBK |
||
| 999 |
_c10413 _d10413 |
||